[Event "HUN-ch Rapid 2018"]
[Site "Ajka"]
[Date "2018.07.20"]
[Round "3"]
[White "Papp, Gellert"]
[Black "Vertetics, Attila"]
[Result "0-1"]
[WhiteElo "2324"]
[BlackElo "2506"]
[Annotator "TA"]
[PlyCount "144"]
[EventDate "2018.07.20"]
[EventType "swiss"]
[EventCountry "HUN"]
[SourceTitle "playchess.com"]
[Source "ChessBase"]
[SourceQuality "1"]

{[%evp 21,144,43,75,25,38,32,89,47,49,16,10,2,17,17,25,10,20,6,34,35,40,20,27,28,73,1,11,0,7,10,49,34,39,49,89,60,91,52,92,85,85,80,98,72,68,54,55,36,45,53,71,-41,29,0,30,31,37,37,66,62,62,0,0,0,8,-12,6,0,79,11,20,8,48,0,39,0,32,0,33,0,52,65,75,6,14,14,14,0,0,-18,-18,-18,0,-58,-58,-93,-76,-177,-171,-395,-121,-127,-21,-131,0,0,0,0,0,0,0,0,0,0,0,-23,0,-138,-129,-542,-530,-681,-675,-750,-750]} 1. e4 {[%cal Be2e4,Be4e5][%mdl 32]} c6 2. d4 d5 3. e5 Bf5 4. Nf3 e6 5. Be2 Nd7 6. O-O h6 7. Nbd2 Ne7 {B12: Caro-Kann: Advance Variation} 8. Nb3 Bh7 9. a4 Ng6 10. a5 a6 11. c4 Be7 {LiveBook: 5 Games} 12. Bd2 O-O 13. Bd3 $146 ({Predecessor:} 13. cxd5 exd5 14. Ne1 c5 15. f4 {1-0 (38) Naiditsch,A (2684)-Roeder,M (2414) Aix les Bains 2011}) 13... Re8 (13... dxc4 $14 14. Bxc4 c5) 14. cxd5 cxd5 15. Rc1 Rc8 16. Qe2 Rxc1 17. Rxc1 Qb8 18. g3 Rc8 19. Rf1 Rc6 20. Ne1 Ngf8 21. f4 Bxd3 22. Nxd3 f5 23. Kh1 (23. exf6 $16 Bxf6 24. Bc3) 23... Qe8 $11 24. Rg1 Qg6 25. Bc3 Kf7 26. Nd2 {[%cal Bb3d2,Bd2f1,Bf1e3][%mdl 32]} Ke8 27. Nf1 h5 28. Ne3 Qh7 29. Qf3 h4 30. g4 fxg4 31. Nxg4 Qf5 32. Ndf2 {[%cal Bd3f2,Bf2h3,Bh3f4][%mdl 32]} g5 33. Nh3 {aiming for Ne3.} gxf4 $1 34. Qxf4 Qxf4 35. Nxf4 Rc4 36. Ra1 (36. Ne3 $16 Ra4 37. Rg7) 36... Bg5 ({Better is} 36... Nc5 $1 $15) 37. Nh3 Be7 38. Ne3 Rc7 39. Rg1 Nb8 40. Nf4 Nc6 41. Nd3 (41. Rg7 $14) 41... Bd8 42. Nc5 Rh7 43. b4 h3 44. Rg3 Rh4 (44... b6 $11 45. axb6 (45. Nxa6 bxa5 46. bxa5 Nxa5 $11) 45... Bxb6) 45. Rg4 ({White should play} 45. Nxb7 $16 Be7 46. Nc2) 45... Rh7 (45... b6 {keeps more tension.} 46. axb6 Rxg4 47. Nxg4 Bxb6 48. Nf2 a5) 46. Kg1 $36 {[%mdl 2048] White has some pressure.} Bh4 47. Rg8 Nd8 48. Rg4 Be7 49. Nd3 Nc6 50. Kf2 Bh4+ (50... Rf7+ $11 51. Ke2 Nh7) 51. Ke2 $14 Be7 52. Kf3 (52. Nc2 $16) 52... Kf7 53. Rg1 Ng6 54. Rb1 Na7 55. Be1 Nb5 56. Nc2 Nh4+ 57. Kg4 ({White should try} 57. Bxh4 $1 $11 Rxh4 58. Rf1) 57... Nf5 $15 58. Bf2 Nc3 59. Rb3 (59. Rc1 $17 {is a better defense.}) 59... Ne4 $19 {White must now prevent ...Nd2.} 60. b5 $2 {[#]} (60. Rb2 {might work better.}) 60... Nxf2+ $2 (60... Nd2 $1 $19 {[%cal Rd2b3] has better winning chances.} 61. bxa6 bxa6) 61. Nxf2 $17 Rh4+ 62. Kf3 Nxd4+ (62... Rxd4 $1 $17 63. bxa6 bxa6) 63. Nxd4 $11 Rxd4 64. bxa6 bxa6 $17 {[%mdl 4096] Endgame KRB-KRN} 65. Rb6 Ra4 {[#] Hoping for ...Bc5.} 66. Rxa6 Ra3+ 67. Kg4 Ra4+ 68. Kxh3 Bb4 69. Ra7+ (69. Kg3 $11 {keeps the balance.}) 69... Kg6 70. a6 $2 {[%mdl 8192]} (70. Kg3 $17 {is tougher.}) 70... Bc5 $19 {Black is clearly winning.} 71. Rc7 Bxf2 72. Rc6 Kf5 {Precision: White = 26%, Black = 31%.} 0-1

[Event "HUN-ch Rapid 2018"]
[Site "Ajka"]
[Date "2018.07.20"]
[Round "3"]
[White "Martini, Balazs"]
[Black "Horvath, Adam"]
[Result "0-1"]
[WhiteElo "2295"]
[BlackElo "2479"]
[Annotator "TA"]
[PlyCount "88"]
[EventDate "2018.07.20"]
[EventType "swiss"]
[EventCountry "HUN"]
[SourceTitle "playchess.com"]
[Source "ChessBase"]
[SourceQuality "1"]

{[%evp 14,88,0,0,0,-2,4,2,20,-1,0,-17,21,19,79,15,32,11,19,0,14,-2,0,-33,-25,-53,-53,-61,-7,-3,-7,-14,0,-16,0,-24,0,0,-3,-14,-17,-17,6,-22,4,-27,-24,-29,-1,-3,-8,-8,0,0,0,0,0,0,0,0,6,0,0,-14,-10,-24,-8,-10,0,0,0,-900,-874,-29989,-29990,-29990,-29991]} 1. d4 Nf6 2. Bf4 b6 3. e3 Bb7 4. h3 g6 5. Nf3 Bg7 6. Be2 O-O 7. O-O d6 8. a4 {LiveBook: 79 Games} Nc6 {A48: 1 d4 Nf6 2 Nf3 g6: Torre, London and Colle Systems} (8... Nbd7 9. a5 bxa5 10. Nbd2 c5 11. Nc4 Ba6 12. Nxa5 Bxe2 13. Qxe2 Qb6 14. c3 Ne4 15. Qc2 d5 16. Nd2 Nxd2 17. Qxd2 {1-0 (56) Carlsen,M (2832)-Guseinov,G (2645) chess.com INT 2017}) 9. Nbd2 Nd7 $146 ({Predecessor:} 9... Qe8 10. Nc4 a6 11. c3 Rd8 12. Qb1 Nd5 13. Bh2 e5 14. dxe5 Nxe5 15. Ncxe5 dxe5 16. Rd1 {0-1 (39) Roemer,U (2250)-Tukmakov,V (2580) Zuerich 1996}) 10. c3 e5 {The position is equal.} 11. Bh2 Qe7 12. Nc4 f5 13. a5 {Qb3 is the strong threat.} Rae8 (13... Nd8 $11) 14. axb6 (14. a6 $16 Bc8 15. Na3) 14... axb6 $11 15. Qb3 Kh8 16. dxe5 dxe5 17. Rfd1 g5 18. Ne1 f4 19. Bh5 Rd8 20. Qc2 Nf6 (20... Qe6 $15 21. Be2 e4) 21. Be2 Qe6 22. Rxd8 Rxd8 23. Rd1 Rf8 24. Nf3 h6 25. exf4 exf4 26. Bd3 Nd7 27. Re1 Qf7 28. Ncd2 Nde5 29. Nxe5 (29. Be4 $5 {[%cal Rf3e5]} Nxf3+ 30. Nxf3 $11 (30. Bxf3 Nd8 $11)) 29... Nxe5 30. Be4 Ba6 31. Nf3 Nxf3+ 32. Bxf3 Bc8 (32... Bb5 {with more complications.} 33. Qd2 Qd7 34. Qxd7 Bxd7 35. h4 Re8) 33. Qe4 Qb3 34. Qe2 Bf5 35. h4 Bg6 36. Qd2 Qc4 37. hxg5 hxg5 38. Be2 Qc5 39. Bd1 {[%cal Be2d1,Bd1b3,Bb3e6][%mdl 32]} Qf5 40. Bb3 g4 41. Be6 Qg5 42. g3 $2 {[%mdl 8192] [#]} (42. Bd7 $11) 42... fxg3 $1 $19 {[%cal Bf4g3,Bg3f2][%mdl 544]} 43. Qxg5 (43. fxg3 Qxd2) 43... gxf2+ 44. Kf1 Bd3+ {Precision: White = 36%, Black = 39%.} 0-1

[Event "HUN-ch Rapid 2018"]
[Site "Ajka"]
[Date "2018.07.20"]
[Round "3"]
[White "Kormos, Adam"]
[Black "Cs. Kovacs, Laszlo"]
[Result "0-1"]
[WhiteElo "2286"]
[BlackElo "1928"]
[Annotator "NA"]
[PlyCount "70"]
[EventDate "2018.07.20"]
[EventType "swiss"]
[EventCountry "HUN"]
[SourceTitle "playchess.com"]
[Source "ChessBase"]
[SourceQuality "1"]
[TimeControl "1200+5"]

1. e4 {[%emt 0:00:03]} g6 {[%emt 0:00:03]} 2. d4 {[%emt 0:00:03]} Bg7 {[%emt 0:00:01]} 3. Nc3 {[%emt 0:00:09]} d6 {[%emt 0:00:02]} 4. Bg5 {[%emt 0:00:02]} Nf6 {[%emt 0:00:04]} 5. e5 {[%emt 0:00:01]} dxe5 {[%emt 0:00:02]} 6. dxe5 {[%emt 0:00:01]} Qxd1+ {[%emt 0:00:03]} 7. Rxd1 {[%emt 0:00:03]} Nfd7 {[%emt 0:00:10]} 8. Nd5 {[%emt 0:00:11]} O-O {[%emt 0:00:30]} 9. Nxc7 {[%emt 0:00:06]} Bxe5 {[%emt 0:00:14]} 10. Nxa8 {[%emt 0:00:06]} f6 {[%emt 0:00:02]} 11. Bc1 {[%emt 0:00:15]} b6 {[%emt 0:00:02]} 12. Nf3 {[%emt 0:00:08]} Bd6 {[%emt 0:00:04]} 13. Bc4+ {[%emt 0:00:10]} Kg7 {[%emt 0:00:10]} 14. Bd5 {[%emt 0:00:41]} Nc5 {[%emt 0:00:25]} 15. O-O {[%emt 0:00:28]} Nba6 {[%emt 0:00:06]} 16. c3 {[%emt 0:00:46]} Bb7 {[%emt 0:00:03]} 17. Bxb7 {[%emt 0:00:55]} Nxb7 {[%emt 0:00:02]} 18. Nxb6 {[%emt 0:00:26]} axb6 {[%emt 0:00:02]} 19. b4 {[%emt 0:00:06]} Rc8 {[%emt 0:00:17]} 20. Rd3 {[%emt 0:00:03]} Nc7 {[%emt 0:00:22]} 21. Be3 {[%emt 0:00:07]} b5 {[%emt 0:00:10]} 22. Nd4 {[%emt 0:00:09]} Nd8 {[%emt 0:00:14]} 23. Nb3 {[%emt 0:00:06]} Nc6 {[%emt 0:00:12]} 24. f4 {[%emt 0:00:16]} Ne6 {[%emt 0:00:45]} 25. g3 {[%emt 0:00:15]} Kf7 {[%emt 0:00:03]} 26. Re1 {[%emt 0:00:15]} f5 {[%emt 0:00:13]} 27. Re2 {[%emt 0:00:50]} h5 {[%emt 0:01:03]} 28. Kg2 {[%emt 0:00:02]} Ra8 {[%emt 0:00:14]} 29. Nd4 {[%emt 0:00:05]} Ncxd4 {[%emt 0:00:10]} 30. Bxd4 {[%emt 0:00:02]} Ra3 {[%emt 0:00:16]} 31. Be5 {[%emt 0:00:23]} Bxe5 {[%emt 0:00:06]} 32. Rxe5 {[%emt 0:00:06]} Rxa2+ {[%emt 0:00:03]} 33. Kh3 {[%emt 0:00:09]} g5 {[%emt 0:00:18]} 34. Rxf5+ {[%emt 0:00:46]} Kg6 {[%emt 0:00:01]} 35. Re5 {[%emt 0:00:05]} g4+ {[%emt 0:00:03]} 0-1

[Event "HUN-ch Rapid 2018"]
[Site "Ajka"]
[Date "2018.07.20"]
[Round "3"]
[White "Egresi, Mate"]
[Black "Horvath, Peter"]
[Result "1/2-1/2"]
[WhiteElo "2280"]
[BlackElo "2438"]
[Annotator "TA"]
[PlyCount "121"]
[EventDate "2018.07.20"]
[EventType "swiss"]
[EventCountry "HUN"]
[SourceTitle "playchess.com"]
[Source "ChessBase"]
[SourceQuality "1"]

{[%evp 30,121,2,4,6,6,7,6,6,15,12,-1,-6,-4,6,4,2,3,2,-16,0,-22,-14,-29,-27,-47,-47,-47,-47,-47,-47,-47,-47,-47,-47,-47,-47,-83,-75,-83,-63,-63,-63,-73,-47,-47,-47,-56,-47,-47,-47,-72,-42,-47,-47,-48,-42,-42,-10,-10,-10,-10,-10,-10,-10,-78,-10,-73,-10,-73,-10,-10,-10,-10,0,-73,-73,-73,-73,-73,-73,-73,-73,-73,-73,-73,-73,-73,0,-73,0,-73,-73,-73]} 1. d4 {Ribli,Z} d5 2. c4 e6 3. Nf3 Nf6 4. Nc3 Bb4 5. Bg5 Nbd7 6. e3 c5 7. cxd5 exd5 8. Bd3 Qa5 9. Qc2 c4 10. Bf5 O-O 11. O-O Re8 12. Nd2 {[%cal Bf3d2,Bd2e4,Be4d6,Bd6c4][%mdl 32]} g6 13. Bxd7 Nxd7 14. h4 {D38: Queen's Gambit Declined: Ragozin Defence (4 Nf3 Bb4)} (14. f3 Bf8 15. a3 Nb6 16. b4 cxb3 17. Nxb3 Qa6 18. Nc5 Qc4 19. Rfc1 h6 20. Bf6 Nd7 21. Nxd7 Bxd7 22. Be5 {½-½ (35) Jankovic,A (2591)-Alekseev,E (2632) Tallinn 2016}) 14... Bxc3 15. bxc3 Nb6 {[%cal Bd7b6,Bb6d5,Bd5c3][%mdl 32]} 16. e4 {LiveBook: 4 Games. The position is equal.} dxe4 17. Nxe4 Nd5 $1 {[#]} 18. Nd6 $146 ({Predecessor:} 18. Rae1 Bf5 19. f3 h5 20. Qf2 Qc7 21. Bf6 Qc6 {0-1 (62) Bocharov,D (2526)-Yandarbiev,R (2424) Krasnoyarsk 2003 CBM 098 [Ribli,Z]}) 18... Re6 19. Nxc4 Qxc3 20. Qxc3 Nxc3 21. d5 Nxd5 22. Rfd1 b5 {[%cal Bb7b5,Bb5c4,Bc4c3,Bc3c2][%mdl 32]} 23. Rxd5 bxc4 24. Rc5 Ba6 25. Be3 Rc8 26. Rd1 {Threatens to win with Rxc8+.} Ree8 27. Rdd5 c3 $36 {[%mdl 2048] White must now prevent ...c2. Black has good play.} 28. Rxc8 $1 Rxc8 29. Rc5 Rxc5 30. Bxc5 $15 {[%mdl 4096] Endgame KB-KB} c2 31. Be3 Bc4 32. a3 $1 a5 {[%cal Ba7a5,Ba5a4][%mdl 32]} 33. g3 f6 34. Kg2 Kf7 35. Kf3 Ke6 {And now ...Kd5 would win.} 36. Bc1 a4 37. Ke3 Kf5 38. Bb2 g5 39. Kd2 Bb3 40. Bd4 h6 41. Bc3 Ke6 42. Bd4 gxh4 43. gxh4 f5 44. Be3 h5 45. Bb6 Ke5 46. Kc1 Ke4 47. Bc5 {[#]} (47. Kd2 $1 $11) 47... f4 (47... Kd3 $1 $17) 48. Bb6 {[#]} (48. Kd2 $11) 48... Kf3 ({Better is} 48... Kd3 $1 $17) 49. Bc5 (49. Kd2 $1 $11) 49... Kg4 (49... Ke2 $17) 50. Be7 $11 Kf5 51. Bd8 Ke4 (51... Ke5 $11) 52. Bb6 $17 Kd3 53. Bd8 Be6 54. Bc7 f3 55. Bd8 Bf5 56. Bc7 Kc3 57. Bd8 Kb3 58. Be7 Kc3 59. Bd8 $1 Kd3 (59... Bd3 $17) 60. Bb6 (60. Bc7 $1 $11) 60... Bg6 61. Bc7 {Precision: White = 65%, Black = 43%.} 1/2-1/2

[Event "HUN-ch Rapid 2018"]
[Site "Ajka"]
[Date "2018.07.20"]
[Round "3"]
[White "Laszlo, Janos"]
[Black "Mihok, Oliver"]
[Result "1/2-1/2"]
[WhiteElo "2273"]
[BlackElo "2426"]
[Annotator "RC"]
[PlyCount "112"]
[EventDate "2018.07.20"]
[EventType "swiss"]
[EventCountry "HUN"]
[SourceTitle "playchess.com"]
[Source "ChessBase"]
[SourceQuality "1"]
[TimeControl "1200+5"]

1. Nf3 {[%emt 0:00:04]} c5 {[%emt 0:00:08]} 2. e3 {[%emt 0:00:03]} Nf6 {[%emt 0:00:23]} 3. c4 {[%emt 0:00:04]} g6 {[%emt 0:00:18]} 4. Nc3 {[%emt 0:00:03]} Bg7 {[%emt 0:00:04]} 5. d4 {[%emt 0:00:02]} cxd4 {[%emt 0:00:10]} 6. exd4 {[%emt 0:00:02]} d5 {[%emt 0:00:11]} 7. h3 {[%emt 0:00:08]} O-O {[%emt 0:00:10]} 8. Bd3 {[%emt 0:00:02]} Nc6 {[%emt 0:00:07]} 9. O-O {[%emt 0:00:04]} dxc4 {[%emt 0:00:02]} 10. Bxc4 {[%emt 0:00:02]} Na5 {[%emt 0:00:01]} 11. Bd3 {[%emt 0:00:04]} b6 {[%emt 0:00:21]} 12. Re1 {[%emt 0:00:29]} Bb7 {[%emt 0:00:02]} 13. Bg5 {[%emt 0:01:34]} h6 {[%emt 0:00:09]} 14. Bf4 {[%emt 0:00:05]} Nc6 {[%emt 0:00:25]} 15. Bf1 {[%emt 0:00:54]} Nd5 {[%emt 0:00:39]} 16. Be5 {[%emt 0:01:24]} Nxe5 {[%emt 0:00:16]} 17. Nxe5 {[%emt 0:00:06]} Rc8 {[%emt 0:00:40]} 18. Qb3 {[%emt 0:00:42]} e6 {[%emt 0:00:35]} 19. Rac1 {[%emt 0:01:47]} Qg5 {[%emt 0:00:37]} 20. Rcd1 {[%emt 0:00:39]} Rfd8 {[%emt 0:02:32]} 21. g3 {[%emt 0:01:26]} Qe7 {[%emt 0:00:54]} 22. a3 {[%emt 0:00:12]} h5 {[%emt 0:00:46]} 23. h4 {[%emt 0:01:29]} Nxc3 {[%emt 0:00:44]} 24. bxc3 {[%emt 0:00:06]} Qc7 {[%emt 0:00:02]} 25. Rd3 {[%emt 0:02:51]} Bxe5 {[%emt 0:02:05]} 26. Rxe5 {[%emt 0:00:27]} Ba6 {[%emt 0:00:24]} 27. Rde3 {[%emt 0:00:31]} Bxf1 {[%emt 0:00:02]} 28. Kxf1 {[%emt 0:00:03]} Qc4+ {[%emt 0:00:04]} 29. Qxc4 {[%emt 0:00:04]} Rxc4 {[%emt 0:00:01]} 30. Rb5 {[%emt 0:01:18]} Kg7 {[%emt 0:01:27]} 31. Ke2 {[%emt 0:00:16]} Ra4 {[%emt 0:01:38]} 32. Rb3 {[%emt 0:00:05]} Rd5 {[%emt 0:00:23]} 33. Kd3 {[%emt 0:03:17]} Rda5 {[%emt 0:00:02]} 34. Re5 {[%emt 0:00:23]} Rxa3 {[%emt 0:00:09]} 35. Rxa5 {[%emt 0:00:09]} Rxa5 {[%emt 0:00:02]} 36. c4 {[%emt 0:00:12]} Kf6 {[%emt 0:00:13]} 37. Ke4 {[%emt 0:00:13]} Ra4 {[%emt 0:00:51]} 38. Rc3 {[%emt 0:00:06]} Ke7 {[%emt 0:00:35]} 39. f3 {[%emt 0:00:07]} Kd6 {[%emt 0:00:11]} 40. g4 {[%emt 0:00:15]} Ra1 {[%emt 0:00:25]} 41. gxh5 {[%emt 0:00:08]} gxh5 {[%emt 0:00:04]} 42. c5+ {[%emt 0:00:18]} bxc5 {[%emt 0:00:12]} 43. Rxc5 {[%emt 0:00:07]} f5+ {[%emt 0:00:10]} 44. Kf4 {[%emt 0:00:07]} Rg1 {[%emt 0:00:51]} 45. Ra5 {[%emt 0:00:06]} Rg7 {[%emt 0:00:02]} 46. Rb5 {[%emt 0:00:22]} Kc6 {[%emt 0:00:19]} 47. Re5 {[%emt 0:00:05]} Rg6 {[%emt 0:00:08]} 48. d5+ {[%emt 0:00:24]} exd5 {[%emt 0:00:04]} 49. Rxf5 {[%emt 0:00:04]} d4 {[%emt 0:00:15]} 50. Ke4 {[%emt 0:00:07]} Rd6 {[%emt 0:00:01]} 51. Kd3 {[%emt 0:00:04]} Rd5 {[%emt 0:00:01]} 52. Rf8 {[%emt 0:00:06]} a5 {[%emt 0:00:07]} 53. f4 {[%emt 0:00:02]} Kd7 {[%emt 0:00:21]} 54. Ke4 {[%emt 0:00:10]} d3 {[%emt 0:00:14]} 55. Kxd5 {[%emt 0:00:21]} d2 {[%emt 0:00:01]} 56. Rf7+ {[%emt 0:00:01]} Ke8 {[%emt 0:00:08]} 1/2-1/2

[Event "HUN-ch Rapid 2018"]
[Site "Ajka"]
[Date "2018.07.20"]
[Round "3"]
[White "Margl, Roland"]
[Black "Prohaszka, Peter"]
[Result "1-0"]
[WhiteElo "2047"]
[BlackElo "2593"]
[Annotator "TA"]
[PlyCount "199"]
[EventDate "2018.07.20"]
[EventType "swiss"]
[EventCountry "HUN"]
[SourceTitle "playchess.com"]
[Source "ChessBase"]
[SourceQuality "1"]

{[%evp 22,199,35,12,68,48,44,9,9,9,24,24,31,23,31,27,43,31,43,30,21,27,31,18,18,18,18,0,8,0,0,0,0,0,0,0,6,8,18,0,0,0,0,0,0,0,0,0,0,0,0,0,0,0,55,0,0,0,0,0,0,0,0,0,0,0,0,0,0,0,0,0,0,0,0,0,0,0,0,0,0,0,0,0,0,0,72,20,25,0,681,670,3514,3365,2563,2405,2315,2285,12833,12573,12839,12839,12840,12840,12841,12841,12841,12838,12838,12839,12839,12839,12840,12840,12840,12840,12841,12838,12843,12843,12840,12839,12842,12843,12844,12844,12844,12843,12843,12843,12843,12843,12845,12842,12841,12842,12842,12843,12843,12841,12842,12843,12844,12844,12845,12843,12844,766,12849,12849,12850,12850,12850,12850,12850,29963,12851,29974,12851,29975,12851,29978,12851,29986,12851,29988,12851,29987,12851,29993,12851,29994,29996,29997,12851,29997,12851,29998,29999,29996]} 1. Nf3 d5 2. d4 Nf6 3. c4 c6 4. cxd5 cxd5 5. Nc3 Nc6 6. Bf4 a6 7. Rc1 e6 8. e3 Be7 9. h3 O-O 10. Bd3 Bd7 11. O-O Rc8 12. Qe2 {LiveBook: 15 Games. D13: Slav Defence: Exchange variation without ...Bf5} (12. Ne5 Be8 13. Bg5 h6 14. Bh4 Nd7 15. Nxc6 Rxc6 16. Bxe7 Qxe7 17. Na4 Nf6 18. Qb3 Rxc1 19. Rxc1 Bxa4 20. Qxa4 Qd6 {½-½ (20) Artemiev,V (2663)-Vitiugov,N (2721) Sochi 2016}) 12... Re8 ({Black should play} 12... Nb4 $11) 13. Ne5 (13. a3 {looks sharper.} Nh5 14. Bh2 Nf6 15. Rfd1 Na5 16. Ne5) 13... g6 $146 ({Predecessor:} 13... Qa5 14. Rfd1 Red8 15. Nxc6 Bxc6 16. Qd2 Qb6 {0-1 (46) Pipiras,F (1568)-Paiva,H (2110) Figueira da Foz 2017}) 14. Nxc6 {White is slightly better.} Bxc6 15. Rc2 Nd7 16. Rfc1 Nb6 17. Nb1 {[%cal Bc3b1,Bb1d2,Bd2b3,Bb3c5][%mdl 32]} Qd7 18. Nd2 Bd6 19. Bxd6 Qxd6 20. Nb3 Ba4 21. Rxc8 Rxc8 22. Rxc8+ Nxc8 23. Nc5 Bc6 24. Qc2 Qc7 25. b4 Bb5 26. a4 Bxd3 27. Qxd3 Nd6 28. a5 Qc6 29. Qe2 Ne4 30. Qb2 h5 31. h4 Kf8 32. g3 Ke7 33. Kh2 Kd8 34. f3 Nd6 35. Qe2 Nf5 36. Kg2 Qc7 37. Qf2 Kc8 (37... b6 $11 38. axb6 (38. Nxa6 Qc2 $11) 38... Qxb6) 38. e4 (38. g4 $1 $14 Ne7 39. Qe2) 38... Ne7 $11 39. Qd2 Kb8 40. e5 Nc6 41. Qc3 Ka7 42. Kf2 Nb8 43. Ke3 Qc6 44. Qd3 Qc7 45. Qc3 Ka8 46. Qd3 Nc6 47. Qc3 Ne7 48. g4 Nc6 49. Kf4 Qe7 50. Kg3 {next Nxa6! is good for White.} Ka7 51. Qd2 Qd8 52. Kh3 Qe7 53. Kg3 f6 {[#]} (53... Qd8 $11 {remains equal.}) 54. exf6 (54. Qe3 $1 $16) 54... Qxf6 55. Nb3 Nxb4 $2 {[%mdl 8192]} (55... e5 $11) 56. Qxb4 $18 e5 {[#]} 57. Qb6+ $1 Qxb6 58. axb6+ Kxb6 59. dxe5 {[%mdl 4096] Endgame KN-KP} Kc7 60. Kf4 b6 61. Kg5 a5 62. Kxg6 a4 63. Nc1 d4 64. gxh5 {KN-K3P} a3 65. h6 d3 66. Nxd3 {KN-KPP} a2 67. h7 a1=Q 68. h8=Q Qg1+ 69. Kf5 Qe3 70. Qg7+ Kc6 71. Qf6+ Kb7 72. Qe7+ Kb8 73. Qd6+ Kb7 74. f4 Qh3+ 75. Ke4 Qh1+ 76. Kd4 Qg1+ 77. Kd5 Qg2+ 78. Kc4 {White wants to mate with Qd5+.} Qa2+ 79. Kc3 Qa1+ 80. Nb2 Qc1+ 81. Kb3 Qxf4 82. Nc4 Qg3+ 83. Kb4 {Intending Qd7+ and mate.} Qe1+ 84. Qd2 Qxh4 85. Qd5+ Kc7 86. Qd6+ Kc8 87. Qc6+ Kd8 88. Qxb6+ Ke7 89. Qd6+ Ke8 90. Kc5 Qf2+ 91. Qd4 Qc2 92. e6 Qf5+ 93. Qe5 Qf2+ 94. Kd6 Qf8+ 95. Kc6 Qf3+ 96. Kc7 Qh1 97. Nd6+ Ke7 98. Nf5+ Ke8 99. Qb5+ Kf8 100. e7+ {Precision: White = 64%, Black = 61%.} 1-0

[Event "HUN-ch Rapid 2018"]
[Site "Ajka"]
[Date "2018.07.20"]
[Round "3"]
[White "Pais, Nimrod"]
[Black "Gledura, Benjamin"]
[Result "0-1"]
[WhiteElo "1962"]
[BlackElo "2574"]
[Annotator "ChessBase"]
[PlyCount "55"]
[EventDate "2018.07.20"]
[EventType "swiss"]
[EventCountry "HUN"]
[SourceTitle "playchess.com"]
[Source "ChessBase"]
[SourceQuality "1"]
[TimeControl "1200+5"]

1. d4 {[%emt 0:00:02]} Nf6 {[%emt 0:00:02]} 2. e3 {[%emt 0:00:04]} c5 {[%emt 0:00:05]} 3. Nd2 {[%emt 0:00:04]} d5 {[%emt 0:00:08]} 4. c3 {[%emt 0:00:05]} Nc6 {[%emt 0:00:05]} 5. Bd3 {[%emt 0:00:02]} e5 {[%emt 0:00:03]} 6. dxc5 {[%emt 0:00:26]} Bxc5 {[%emt 0:00:02]} 7. h3 {[%emt 0:00:27]} O-O {[%emt 0:00:05]} 8. Nb3 {[%emt 0:00:29]} Bd6 {[%emt 0:00:03]} 9. Ne2 {[%emt 0:00:32]} Be6 {[%emt 0:00:06]} 10. Bc2 {[%emt 0:00:23]} Qd7 {[%emt 0:00:03]} 11. Ng3 {[%emt 0:00:41]} e4 {[%emt 0:00:04]} 12. Ne2 {[%emt 0:00:04]} Ne5 {[%emt 0:00:21]} 13. Nbd4 {[%emt 0:00:14]} Rac8 {[%emt 0:00:05]} 14. Nf4 {[%emt 0:00:27]} Nc4 {[%emt 0:00:03]} 15. Qe2 {[%emt 0:00:32]} b5 {[%emt 0:00:18]} 16. b3 {[%emt 0:00:44]} Na3 {[%emt 0:00:22]} 17. Bxa3 {[%emt 0:00:18]} Bxa3 {[%emt 0:00:02]} 18. Nxb5 {[%emt 0:00:50]} Bb2 {[%emt 0:00:04]} 19. Rb1 {[%emt 0:00:01]} Bxc3+ {[%emt 0:00:03]} 20. Nxc3 {[%emt 0:00:03]} Rxc3 {[%emt 0:00:01]} 21. Qd2 {[%emt 0:00:44]} Rfc8 {[%emt 0:00:03]} 22. Bd1 {[%emt 0:00:42]} Qb5 {[%emt 0:00:04]} 23. Ne2 {[%emt 0:01:22]} Rd3 {[%emt 0:00:04]} 24. Qb2 {[%emt 0:00:35]} Qb4+ {[%emt 0:00:06]} 25. Kf1 {[%emt 0:00:04]} Rd2 {[%emt 0:00:05]} 26. Qa1 {[%emt 0:00:19]} Qa3 {[%emt 0:00:12]} 27. Nd4 {[%emt 0:00:23]} Rxa2 {[%emt 0:00:10]} 28. Ne2 0-1

[Event "HUN-ch Rapid 2018"]
[Site "Ajka"]
[Date "2018.07.20"]
[Round "4"]
[White "Erdos, Viktor"]
[Black "Csiszar, Csaba"]
[Result "1-0"]
[WhiteElo "2617"]
[BlackElo "2432"]
[Annotator "TA"]
[PlyCount "97"]
[EventDate "2018.07.20"]
[EventType "swiss"]
[EventCountry "HUN"]
[SourceTitle "playchess.com"]
[Source "ChessBase"]
[SourceQuality "1"]

{[%evp 18,97,28,29,53,54,66,64,72,64,65,68,90,54,90,91,91,90,82,74,77,77,73,60,80,75,87,73,73,73,81,81,89,22,32,23,28,46,50,33,37,0,0,0,0,0,6,0,6,8,32,35,31,30,56,38,185,141,181,181,270,181,340,340,336,321,342,337,394,368,533,524,564,546,722,713,759,746,29983,29984,29984,29985]} 1. Nf3 c5 2. c4 Nc6 3. Nc3 e5 {[%cal Be7e5,Be5e4][%mdl 32]} 4. e3 f5 5. d4 e4 6. d5 {A35: Englische Eröffnung (Symmetrische Variante)} exf3 7. dxc6 dxc6 8. Qxd8+ Kxd8 9. gxf3 Nf6 10. b3 {LiveBook: 18 Partien} g6 11. Bb2 {[#] Sd5 ist eine echte Drohung.} Bg7 12. O-O-O+ (12. Ne2 Ke7 13. Nf4 {½-½ (48) Short,N (2670)-Hou,Y (2649) Hoogeveen 2016}) 12... Ke7 13. Ne2 $146 {[%cal Bc3e2,Be2f4,Bf4d3,Bd3e5][%mdl 32]} ({Vorgänger:} 13. Na4) 13... Be6 14. Nf4 Rhd8 15. Bg2 Bf7 16. Nd3 b6 17. f4 Rac8 18. Ne5 {zielt auf Txd8 ab.} Rxd1+ 19. Rxd1 Be8 20. Kc2 Ke6 21. Nf3 Ke7 22. Ng5 h6 23. Nf3 Rd8 24. Rg1 Kf8 25. Ne5 ({Günstiger ist} 25. Bh3 $16) 25... Ng4 $1 $11 26. Nxg4 Bxb2 27. Ne5 Bxe5 $1 28. fxe5 $14 {[%mdl 4096] Endspiel KTL-KTL} g5 29. f4 gxf4 $1 30. exf4 Rd4 31. Rf1 Ke7 32. Rf2 b5 33. Bf1 a6 34. Bd3 Bd7 35. Kd2 {Und weiter mit cxb5 wäre nett.} Be6 36. Ke3 Kf7 (36... bxc4 $14 37. bxc4 Bxc4 38. Bxf5 Bd5) 37. Rc2 {Und cxb5 würde nun gewinnen.} b4 {[#]} 38. a3 $1 {[%mdl 512]} Rd8 (38... bxa3 {kämpft weiter.} 39. Ra2 Rd8 40. Rxa3 Rb8) 39. Ra2 Rb8 $2 (39... bxa3 {war angesagt.} 40. Rxa3 Ra8) 40. axb4 $18 Rxb4 41. Bc2 ({Schwächer ist} 41. Rxa6 Rxb3 42. Kd2 Bd7 $16) 41... Rb6 42. Ra5 Ke7 43. Rxc5 Kd7 (43... h5 $142 44. Ra5 Bc8) 44. Ra5 Kc7 45. Kd4 Rb8 46. Kc5 Rg8 47. Rxa6 Bd7 48. Ra7+ Kd8 49. Ra8+ {Precision: Weiß = 79%, Schwarz = 41%.} 1-0